| 000 | 00317nam a2200121Ia 4500 | ||
|---|---|---|---|
| 008 | 230907s9999||||xx |||||||||||||| ||und|| | ||
| 082 |
_a612.8 _bKAL |
||
| 100 |
_aKalat, James W. _9116051 |
||
| 245 | 0 | _aBiological psychology / | |
| 300 | _axviii, 606 pages : | ||
| 650 |
_aTextbooks. Textbooks. _9115440 |
||
| 942 | _cBK | ||
| 999 |
_c600897 _d600897 |
||